Schaum's outline of theory and problems of electric power systems / (Record no. 615075)

000 -LEADER
fixed length control field 01485pam a2200385 a 4500
001 - CONTROL NUMBER
control field 1981925
005 - DATE AND TIME OF LATEST TRANSACTION
control field 20251006160843.0
008 - FIXED-LENGTH DATA ELEMENTS--GENERAL INFORMATION
fixed length control field 890522s1990 nyua 001 0 eng
010 ## - LIBRARY OF CONGRESS CONTROL NUMBER
LC control number 89034889
020 ## - INTERNATIONAL STANDARD BOOK NUMBER
International Standard Book Number 0070459177
Qualifying information recycled paper
020 ## - INTERNATIONAL STANDARD BOOK NUMBER
International Standard Book Number 9780070459175
Qualifying information (recycled paper)
035 ## - SYSTEM CONTROL NUMBER
System control number 1981925
040 ## - CATALOGING SOURCE
Original cataloging agency DLC
Transcribing agency DLC
Modifying agency DLC
050 00 - LIBRARY OF CONGRESS CALL NUMBER
Classification number TK1001
Item number .N38 1990
082 00 - DEWEY DECIMAL CLASSIFICATION NUMBER
Classification number 621.31
Edition number 20
Author Mark NAS
100 1# - MAIN ENTRY--PERSONAL NAME
Personal name Nasar, S. A.
9 (RLIN) 41147
245 10 - TITLE STATEMENT
Title Schaum's outline of theory and problems of electric power systems /
Statement of responsibility, etc. Syed A. Nasar.
246 30 - VARYING FORM OF TITLE
Title proper/short title Outline of theory and problems of electric power systems
246 14 - VARYING FORM OF TITLE
Title proper/short title Theory and problems of electric power systems
246 18 - VARYING FORM OF TITLE
Title proper/short title Electric power systems
260 ## - PUBLICATION, DISTRIBUTION, ETC.
Place of publication, distribution, etc. New York :
Name of publisher, distributor, etc. McGraw-Hill,
Date of publication, distribution, etc. c1990.
300 ## - PHYSICAL DESCRIPTION
Extent 175 p. :
Other physical details ill. ;
Dimensions 28 cm.
336 ## - CONTENT TYPE
Content type term text
Content type code txt
Source rdacontent
337 ## - MEDIA TYPE
Media type term unmediated
Media type code n
Source rdamedia
338 ## - CARRIER TYPE
Carrier type term volume
Carrier type code nc
Source rdacarrier
490 0# - SERIES STATEMENT
Series statement Schaum's outline series
500 ## - GENERAL NOTE
General note Includes index.
650 #0 - SUBJECT ADDED ENTRY--TOPICAL TERM
Topical term or geographic name entry element Electric power systems.
9 (RLIN) 18375
856 42 - ELECTRONIC LOCATION AND ACCESS
Materials specified Publisher description
Uniform Resource Identifier <a href="http://www.loc.gov/catdir/description/mh022/89034889.html">http://www.loc.gov/catdir/description/mh022/89034889.html</a>
856 41 - ELECTRONIC LOCATION AND ACCESS
Materials specified Table of contents
Uniform Resource Identifier <a href="http://www.loc.gov/catdir/toc/mh021/89034889.html">http://www.loc.gov/catdir/toc/mh021/89034889.html</a>
906 ## - LOCAL DATA ELEMENT F, LDF (RLIN)
a 7
b cbc
c orignew
d 1
e ocip
f 19
g y-gencatlg
942 ## - ADDED ENTRY ELEMENTS (KOHA)
Source of classification or shelving scheme
Koha item type Book
Holdings
Withdrawn status Lost status Source of classification or shelving scheme Damaged status Not for loan Permanent Location Current Location Shelving location Date acquired Total Checkouts Full call number Barcode Date last seen Price effective from Koha item type
          Central Library (CL) Central Library (CL) Lincoln Corner 10/06/2025   621.31 NAS LC-469 10/06/2025 10/06/2025 Book
© 2023 Central Library, National University of Sciences and Technology. All Rights Reserved.